00686nam a2200241Ia 4500001000600000003000900006008004100015040001300056040001300069041001300082100002100095100002900116245003800145245002000183250001100203260000900214260001000223260004900233300005700282500004600339650002800385650003100413 3331IT-RoPAU130308s9999 xx 000 0 und d aIT-RoPAU cIT-RoPAU aITALIANO aPezza Gian Luigi gCodice Aut. SPICS: 2639 aAspetti tecnici della televisione bConoscere la Tv a1a ed. aROMA bAiart c1967 [1° Ed.:1967 - Ed.Ling.Originale:1967] a"21 p. (prefazione: no ; testo: 21 [pagine: 49-69])" aStandard Televisivi Analisi dell'Immagine aSAGGI SULLA TELEVISIONE eCodice materia Spics: 6961